000 00598nam a2200181Ia 4500
008 151018s9999 xx 000 0 und d
082 _bRBASDV16014
_a920
100 _aद स पुराणिक
245 _aसंचार एका कुंचल्याचा
250 _b1
260 _bमेघना
_c1982
300 _a95
600 _aद स पुराणिक
630 _aसंचार एका कुंचल्याचा
700 _aद स पुराणिक
730 _aसंचार एका कुंचल्याचा
942 _cBOOK
999 _c1016734
_d1016731